000 00278nam a2200109Ia 4500
008 220204s9999 xx 000 0 und d
082 _a930:726
_bCAR
100 _aCarroll, David
245 0 _aWonders of man: Taj Mahal
260 _aNew York
_bS Arthur Dembner
_c1972
942 _cBK
999 _c29659
_d29659